[Event "Johor op-A 7th"]
[Site "Johor"]
[Date "2022.12.30"]
[Round "7"]
[White "Han, Xuqian Ben"]
[Black "Buakird, Apichit"]
[Result "0-1"]
[WhiteElo "1622"]
[BlackElo "1967"]
[PlyCount "86"]
[EventDate "2022.12.26"]
[EventType "swiss"]
[EventRounds "9"]
[EventCountry "MAS"]
[SourceTitle "CBM 212 Extra"]
[Source "ChessBase"]
[SourceDate "2023.03.31"]
[SourceVersion "1"]
[SourceVersionDate "2023.03.31"]
[SourceQuality "1"]

1. e4 c5 2. Nf3 d6 3. d4 cxd4 4. Nxd4 Nf6 5. Nc3 a6 6. Be3 e5 7. Nb3 Be7 8. f3 Be6 9. Qd2 Qc7 10. g4 Nbd7 11. g5 Nh5 12. Qf2 Nf4 13. h4 h6 14. gxh6 Rxh6 15. 0-0-0 Rc8 16. Nd5 Bxd5 17. exd5 Bxh4 18. Qd2 Bg5 19. Rg1 f6 20. Kb1 Nf8 21. Rc1 N8g6 22. Bd3 Nh4 23. Be4 Nh3 24. Rh1 Bxe3 25. Qxe3 Nf4 26. Qf2 g5 27. c4 b6 28. Qc2 Ke7 29. a4 a5 30. Rhd1 Qd7 31. Qf2 Rhh8 32. Rc3 Rb8 33. c5 dxc5 34. d6+ Kf7 35. Nxc5 bxc5 36. Qxc5 Ne6 37. Qxa5 Rhc8 38. b3 Rxc3 39. Qxc3 Nd4 40. Bd5+ Kg6 41. Qc7 Rd8 42. Bf7+ Kxf7 43. Qc4+ Kg7 0-1

[Event "Johor op-A 7th"]
[Site "Johor"]
[Date "2022.12.27"]
[Round "2"]
[White "Cai, Youyang"]
[Black "Han, Xuqian Ben"]
[Result "1-0"]
[WhiteElo "2036"]
[BlackElo "1622"]
[PlyCount "89"]
[EventDate "2022.12.26"]
[EventType "swiss"]
[EventRounds "9"]
[EventCountry "MAS"]
[SourceTitle "CBM 212 Extra"]
[Source "ChessBase"]
[SourceDate "2023.03.31"]
[SourceVersion "1"]
[SourceVersionDate "2023.03.31"]
[SourceQuality "1"]

1. e4 c5 2. Nf3 d6 3. d4 cxd4 4. Nxd4 Nf6 5. Nc3 a6 6. f4 e5 7. Nf3 Nbd7 8. a4 Be7 9. Bc4 Qa5 10. Bd2 exf4 11. Qe2 0-0 12. Nd5 Qd8 13. Bxf4 Nxd5 14. Bxd5 Nf6 15. 0-0 Nxd5 16. exd5 Bf5 17. Ra3 Bf6 18. Re3 Qb6 19. c3 Rae8 20. Re1 Re4 21. a5 Qa7 22. Bg3 Rfe8 23. Bf2 Qb8 24. Qd2 h6 25. c4 Qc7 26. b3 Bd8 27. c5 Rxe3 28. Rxe3 Rxe3 29. Qxe3 dxc5 30. Qe8+ Kh7 31. Qe5 Qxe5 32. Nxe5 f6 33. Nc4 Be4 34. d6 Bd5 35. Bxc5 Bxc4 36. bxc4 Bxa5 37. Ba7 b5 38. Kf1 b4 39. Ke2 b3 40. Kd3 Bb4 41. d7 Ba5 42. c5 Bd8 43. Bb6 a5 44. Bxd8 a4 45. Kc3 1-0

[Event "World ol U16"]
[Site "Nakhchivan"]
[Date "2022.10.06"]
[Round "5.13"]
[White "Subramanian, Anusha"]
[Black "Han, Xuqian Ben"]
[Result "1-0"]
[WhiteElo "1840"]
[BlackElo "1610"]
[PlyCount "121"]
[EventDate "2022.10.02"]
[EventType "team-swiss"]
[EventRounds "9"]
[EventCountry "AZE"]
[SourceTitle "CBM 210 Extra"]
[Source "ChessBase"]
[SourceDate "2022.11.30"]
[SourceVersion "1"]
[SourceVersionDate "2022.11.30"]
[SourceQuality "1"]
[WhiteTeam "England"]
[BlackTeam "Hong Kong"]
[WhiteTeamCountry "ENG"]
[BlackTeamCountry "HKG"]

1. c4 Nf6 2. Nc3 g6 3. g3 Bg7 4. Bg2 0-0 5. e3 d6 6. Nge2 e5 7. d3 Nc6 8. 0-0 Rb8 9. Rb1 Be6 10. Nd5 Ne7 11. Nec3 c6 12. Nxf6+ Bxf6 13. b4 Qd7 14. a4 Bh3 15. Ne4 Bg7 16. Bxh3 Qxh3 17. Nxd6 Rfd8 18. Ne4 h6 19. f4 exf4 20. Rxf4 g5 21. Rf1 Ng6 22. d4 Ne5 23. Qe2 Ng4 24. Qg2 Qxg2+ 25. Kxg2 Re8 26. Nd6 Nxe3+ 27. Bxe3 Rxe3 28. Rxf7 Re2+ 29. Kf3 Re6 30. Rd7 h5 31. Nf5 g4+ 32. Kf4 Bh8 33. Kg5 Bf6+ 34. Kxh5 Re4 35. Kg6 Bh8 36. Nh6+ Kf8 37. Rf7+ Ke8 38. Rbf1 Re6+ 39. Kh7 Re7 40. Kxh8 Kd7+ 41. Kg7 Rbe8 42. Rxe7+ Kxe7 43. Re1+ Kd7 44. Rxe8 Kxe8 45. Nxg4 Ke7 46. h4 b6 47. h5 a5 48. bxa5 c5 49. dxc5 bxc5 50. h6 Ke6 51. h7 Kf5 52. h8Q Kxg4 53. Qh4+ Kf3 54. Qf4+ Kg2 55. g4 Kh3 56. g5 Kg2 57. Qe3 Kh1 58. Qe2 Kg1 59. Kf6 Kh1 60. Kf5 Kg1 61. Ke4 1-0

[Event "World ol U16"]
[Site "Nakhchivan"]
[Date "2022.10.05"]
[Round "4.16"]
[White "Bashirli, Saadat"]
[Black "Han, Xuqian Ben"]
[Result "0-1"]
[WhiteElo "1567"]
[BlackElo "1610"]
[PlyCount "178"]
[EventDate "2022.10.02"]
[EventType "team-swiss"]
[EventRounds "9"]
[EventCountry "AZE"]
[SourceTitle "CBM 210 Extra"]
[Source "ChessBase"]
[SourceDate "2022.11.30"]
[SourceVersion "1"]
[SourceVersionDate "2022.11.30"]
[SourceQuality "1"]
[WhiteTeam "Azerbaijan III"]
[BlackTeam "Hong Kong"]
[WhiteTeamCountry "AZE"]
[BlackTeamCountry "HKG"]

1. d4 Nf6 2. c4 g6 3. Nc3 Bg7 4. e4 d6 5. Be2 0-0 6. Bg5 Nbd7 7. Qd2 c5 8. d5 Qa5 9. f3 Nb6 10. g4 Na4 11. Nxa4 Qxa4 12. a3 b5 13. cxb5 Bd7 14. Bh6 Bxb5 15. Bxg7 Kxg7 16. h4 Bxe2 17. Nxe2 Qb3 18. Kf2 Rab8 19. Rab1 h5 20. gxh5 Nxh5 21. Nc1 Qb6 22. Qc3+ Kh7 23. Qc4 Qb5 24. Qc3 a5 25. Ne2 Qa4 26. Qd2 Rb7 27. Rhg1 Rfb8 28. Rg4 Qc4 29. e5 Qa2 30. Qc1 Rxb2 31. Rxb2 Rxb2 32. Re4 Ng3 33. Kxg3 Rxe2 34. Rxe2 Qxe2 35. exd6 Qe5+ 36. f4 Qxd6 37. Qc4 Qc7 38. Kf3 Kg7 39. Kg3 f6 40. Kf3 Qd6 41. Kg4 Kh6 42. Kh3 Kg7 43. Kg4 Kf7 44. Kf3 f5 45. Kg3 Kf8 46. Kf3 Qb6 47. Kg3 Ke8 48. Kf3 Kd7 49. Kg3 Kd6 50. Kf3 Qb7 51. Kg3 Qb1 52. Qa6+ Kxd5 53. Qxa5 Qd3+ 54. Kg2 Qe2+ 55. Kg1 Qg4+ 56. Kf1 Qxf4+ 57. Ke2 Qh2+ 58. Kd3 Qg3+ 59. Kd2 Qf4+ 60. Kc2 Qh2+ 61. Kd3 Qd6 62. Qa8+ Ke5+ 63. Ke2 c4 64. Qh8+ Ke4 65. Qa8+ Qd5 66. Qa4 Qd3+ 67. Kf2 Qd2+ 68. Kg1 Qe3+ 69. Kh2 Qf2+ 70. Kh3 Qf1+ 71. Kh2 Kf4 72. Qc2 Kg4 73. a4 Qf4+ 74. Kg1 Qd4+ 75. Kf1 Qa1+ 76. Kg2 Qd4 77. Kf1 c3 78. a5 Qb4 79. a6 Qa5 80. Qe2+ Kf4 81. Qf2+ Ke5 82. a7 c2 83. Qxc2 Qxa7 84. Qc3+ Qd4 85. Qe1+ Kf6 86. Qg3 Qd1+ 87. Kf2 Qd2+ 88. Kf1 e5 89. Kg1 Qd1+ 0-1

[Event "Wch FIDE Online U14 Asia qual"]
[Site "Tornelo INT"]
[Date "2020.12.11"]
[Round "1"]
[White "Han, Xuqian Ben"]
[Black "Jubin, Jimmy"]
[Result "0-1"]
[WhiteElo "1612"]
[BlackElo "2259"]
[PlyCount "66"]
[EventDate "2020.12.11"]
[EventType "swiss (rapid)"]
[EventRounds "7"]
[EventCountry "ISS"]
[SourceTitle "EXT 2022"]
[Source "ChessBase"]
[SourceDate "2021.10.06"]
[SourceVersion "1"]
[SourceVersionDate "2021.10.06"]
[SourceQuality "1"]

1. e4 c6 2. d4 d5 3. e5 Bf5 4. h4 h6 5. Bd3 Bxd3 6. Qxd3 e6 7. c4 Ne7 8. Nf3 Nd7 9. c5 b6 10. b4 a5 11. bxa5 bxc5 12. Bd2 cxd4 13. Qxd4 Nf5 14. Qa4 Qc8 15. g4 Ne7 16. Qd4 c5 17. Qa4 Nc6 18. Na3 Be7 19. Rb1 0-0 20. h5 Ncxe5 21. Nxe5 Nxe5 22. g5 Bxg5 23. f4 Nf3+ 24. Kf2 Nxd2 25. fxg5 Ne4+ 26. Ke3 Nxg5 27. Rbg1 d4+ 28. Kd2 Qc7 29. Nc4 Qf4+ 30. Kc2 d3+ 31. Kd1 Ne4 32. Qb3 Rab8 33. Nb6 Qd2# 0-1

[Event "Badalona Castella op-B 45th"]
[Site "Badalona"]
[Date "2019.08.05"]
[Round "4.10"]
[White "Han, Xuqian Ben"]
[Black "Lozano Ruiz, David"]
[Result "1/2-1/2"]
[WhiteElo "1679"]
[BlackElo "1815"]
[PlyCount "68"]
[EventDate "2019.08.02"]
[EventType "swiss"]
[EventRounds "9"]
[EventCountry "ESP"]
[SourceTitle "EXT 2024"]
[Source "ChessBase"]
[SourceDate "2023.10.10"]
[SourceVersion "1"]
[SourceVersionDate "2023.10.10"]
[SourceQuality "1"]

1. d4 c6 2. e4 d5 3. Nd2 dxe4 4. Nxe4 Bf5 5. Ng3 Bg6 6. h4 h6 7. Nf3 Nd7 8. h5 Bh7 9. Bd3 Bxd3 10. Qxd3 e6 11. Bd2 Ngf6 12. Ne4 Nxe4 13. Qxe4 Nf6 14. Qe2 Be7 15. 0-0-0 Qd5 16. c4 Qe4 17. Be3 0-0 18. Ne5 Qh7 19. g4 Ne4 20. Rdg1 c5 21. f3 cxd4 22. Bxd4 Nc5 23. b3 Rfd8 24. Rd1 a5 25. f4 Qe4 26. Qxe4 Nxe4 27. Rhe1 Nc5 28. Kc2 Nd7 29. Nxd7 Rxd7 30. Bb6 Rd6 31. Rxd6 Bxd6 32. f5 exf5 33. gxf5 Kf8 34. c5 Bg3 1/2-1/2

[Event "Santa Eugenia op 14th"]
[Site "Girona"]
[Date "2019.08.01"]
[Round "7"]
[White "Rex, Torsten Claus"]
[Black "Han, Xuqian Ben"]
[Result "1-0"]
[WhiteElo "1972"]
[BlackElo "1679"]
[PlyCount "35"]
[EventDate "2019.07.29"]
[EventType "swiss"]
[EventRounds "9"]
[EventCountry "ESP"]
[SourceTitle "EXT 2020"]
[Source "ChessBase"]
[SourceDate "2019.10.17"]
[SourceVersion "1"]
[SourceVersionDate "2019.10.17"]
[SourceQuality "1"]

1. Nf3 g6 2. g3 Bg7 3. Bg2 Nf6 4. 0-0 0-0 5. d4 d6 6. b3 Nc6 7. Bb2 e5 8. dxe5 Nd7 9. Nbd2 dxe5 10. e4 f5 11. Qe2 Re8 12. Rfd1 Nf6 13. c3 Qe7 14. a4 fxe4 15. Ng5 Bg4 16. Qc4+ Kf8 17. Ba3 Bxd1 18. Qf7# 1-0

[Event "Santa Eugenia op 14th"]
[Site "Girona"]
[Date "2019.07.29"]
[Round "2"]
[White "Han, Xuqian Ben"]
[Black "Grimault, Nathan"]
[Result "0-1"]
[WhiteElo "1679"]
[BlackElo "2036"]
[PlyCount "74"]
[EventDate "2019.07.29"]
[EventType "swiss"]
[EventRounds "9"]
[EventCountry "ESP"]
[SourceTitle "EXT 2020"]
[Source "ChessBase"]
[SourceDate "2019.10.17"]
[SourceVersion "1"]
[SourceVersionDate "2019.10.17"]
[SourceQuality "1"]

1. e4 e6 2. d4 b5 3. Bxb5 Bb7 4. Bd3 f5 5. exf5 Bxg2 6. Qh5+ g6 7. fxg6 Bg7 8. gxh7+ Kf8 9. hxg8Q+ Kxg8 10. Qg6 Bxh1 11. Bf4 Qf6 12. Qe8+ Qf8 13. Qxf8+ Kxf8 14. Bxc7 Bxd4 15. c3 Bf6 16. f3 Nc6 17. Nd2 Be5 18. Bxe5 Nxe5 19. Be4 Rb8 20. 0-0-0 Rxh2 21. Ne2 Bxf3 22. Nxf3 Rxe2 23. Nxe5 Rbxb2 24. Nxd7+ Ke7 25. Nc5 Rxa2 26. Bb1 Ra3 27. Ne4 Ra1 28. Nd2 Ra5 29. Nb3 Ra3 30. Bc2 Rh2 31. Kb2 Ra6 32. Rd2 Rh5 33. Bd3 Rb6 34. c4 Rh3 35. c5 Rb8 36. Kc2 Rc8 37. Rg2 a5 0-1

[Event "Hong Kong-ch prel"]
[Site "Hong Kong"]
[Date "2019.01.14"]
[Round "2"]
[White "Han, Xuqian Ben"]
[Black "Bilo, Matthew Paolo"]
[Result "1/2-1/2"]
[WhiteElo "1686"]
[BlackElo "1920"]
[PlyCount "129"]
[EventDate "2019.01.07"]
[EventType "swiss"]
[EventRounds "9"]
[EventCountry "HKG"]
[SourceTitle "EXT 2020"]
[Source "ChessBase"]
[SourceDate "2019.10.17"]
[SourceVersion "1"]
[SourceVersionDate "2019.10.17"]
[SourceQuality "1"]

1. e4 c6 2. d4 d5 3. Nd2 dxe4 4. Nxe4 Bf5 5. Ng3 Bg6 6. h4 h6 7. h5 Bh7 8. Nf3 e6 9. Bd3 Bxd3 10. Qxd3 Nd7 11. Bd2 Ngf6 12. 0-0-0 Qc7 13. Ne4 Be7 14. Nxf6+ Nxf6 15. Ne5 0-0 16. g4 Nd7 17. f4 c5 18. g5 hxg5 19. h6 Nxe5 20. fxe5 g6 21. Rdg1 cxd4 22. Bxg5 Bxg5+ 23. Rxg5 Kh7 24. Qxd4 Rac8 25. c3 Qc4 26. Qf2 Rc7 27. Rxg6 fxg6 28. Qxf8 Qe4 29. Rf1 Qxe5 30. Rf7+ Rxf7 31. Qxf7+ Kxh6 32. Qxb7 Qe3+ 33. Kc2 g5 34. Qg2 Kg6 35. c4 Kf5 36. b4 Qa3 37. Qf1+ Ke5 38. Qe2+ Kf6 39. Qf2+ Kg6 40. Kd1 Qd3+ 41. Qd2 Qxc4 42. a4 g4 43. a5 Qb3+ 44. Kc1 Qf3 45. b5 Qf1+ 46. Qd1 Qf4+ 47. Qd2 Qc4+ 48. Qc2+ Qxc2+ 49. Kxc2 g3 50. b6 axb6 51. axb6 g2 52. b7 g1Q 53. b8Q Qg2+ 54. Kd3 Qd5+ 55. Ke3 Kf5 56. Qf4+ Kg6 57. Qe4+ Qf5 58. Qxf5+ Kxf5 59. Kf3 e5 60. Ke3 e4 61. Ke2 Kf4 62. Kf2 e3+ 63. Ke2 Ke4 64. Ke1 Kd4 65. Ke2 1/2-1/2

[Event "Barcelona Sant Marti op-B 20th"]
[Site "Barcelona"]
[Date "2018.07.20"]
[Round "8"]
[White "Han, Xuqian Ben"]
[Black "Grasa Solanas, Oscar"]
[Result "1/2-1/2"]
[WhiteElo "1486"]
[BlackElo "1732"]
[PlyCount "134"]
[EventDate "2018.07.13"]
[EventType "swiss"]
[EventRounds "9"]
[EventCountry "ESP"]
[SourceTitle "EXT 2019"]
[Source "ChessBase"]
[SourceDate "2018.10.10"]
[SourceVersion "1"]
[SourceVersionDate "2018.10.10"]
[SourceQuality "1"]

1. e4 d5 2. exd5 Qxd5 3. Nc3 Qa5 4. d4 c6 5. Nf3 Bg4 6. h3 Bh5 7. Bc4 Nf6 8. 0-0 e6 9. Bd2 Qd8 10. Be3 Be7 11. g4 Bg6 12. Ne5 Nbd7 13. Qe2 Nb6 14. Bb3 Qc7 15. Bf4 Bd6 16. Rad1 0-0-0 17. Qe3 Nbd5 18. Nxd5 Nxd5 19. Bxd5 exd5 20. c3 Rde8 21. Qg3 Bxe5 22. Bxe5 Qd7 23. Bxg7 Rhg8 24. Bh6 f5 25. f3 Bf7 26. Rde1 Re6 27. Rxe6 Qxe6 28. Bf4 h5 29. g5 Re8 30. Be5 Bg6 31. f4 b6 32. Kh2 Qd7 33. Re1 Re6 34. Bf6 Qe8 35. Re5 Rxe5 36. Bxe5 Qe6 37. Qe3 Kd7 38. Kg3 Kc8 39. Kf2 a6 40. h4 b5 41. b4 Kb7 42. Bf6 Qe4 43. Qxe4 dxe4 44. d5 cxd5 45. Ke3 Kc6 46. Kd4 Kd6 47. a3 Bf7 48. Be5+ Kc6 49. Bb8 Kd7 50. Ke5 Be6 51. Kf6 d4 52. Ba7 dxc3 53. Bd4 c2 54. Be3 Kd6 55. g6 Kd7 56. Ke5 Ke7 57. g7 Kd7 58. Kd4 Kd6 59. Bd2 Bg8 60. Bc1 Bf7 61. Bb2 Bg8 62. Kc3 Kd5 63. Bc1 Bf7 64. Be3 Bg8 65. Kxc2 Kc4 66. Bc5 Bf7 67. g8Q Bxg8 1/2-1/2

[Event "Barcelona Sant Marti op-B 20th"]
[Site "Barcelona"]
[Date "2018.07.17"]
[Round "5"]
[White "Julia Yebra, David"]
[Black "Han, Xuqian Ben"]
[Result "1-0"]
[WhiteElo "1808"]
[BlackElo "1486"]
[PlyCount "85"]
[EventDate "2018.07.13"]
[EventType "swiss"]
[EventRounds "9"]
[EventCountry "ESP"]
[SourceTitle "EXT 2019"]
[Source "ChessBase"]
[SourceDate "2018.10.10"]
[SourceVersion "1"]
[SourceVersionDate "2018.10.10"]
[SourceQuality "1"]

1. c4 e5 2. Nc3 Nf6 3. g3 Bc5 4. e3 Nc6 5. Bg2 d5 6. cxd5 Nb4 7. d3 Nbxd5 8. Nge2 0-0 9. a3 c6 10. 0-0 Qe7 11. Nxd5 Nxd5 12. d4 exd4 13. Nxd4 Rd8 14. e4 Nc7 15. Nxc6 bxc6 16. Qh5 Ba6 17. Re1 Ne6 18. e5 Bb7 19. h4 Bb6 20. Bg5 Nxg5 21. hxg5 c5 22. Be4 Bxe4 23. Rxe4 Rd4 24. Rae1 Rxe4 25. Rxe4 Rd8 26. Rh4 h6 27. gxh6 g6 28. h7+ Kh8 29. Qe2 Rd5 30. Re4 Rd4 31. Re3 Kxh7 32. e6 f6 33. g4 Bc7 34. Qf3 Be5 35. Rb3 Qxe6 36. Rb7+ Rd7 37. g5 fxg5 38. b4 cxb4 39. axb4 Qe7 40. Qh3+ Kg8 41. Rxd7 Qf6 42. Rxa7 Bd4 43. Qh7+ 1-0

[Event "Barcelona Sant Marti op-B 20th"]
[Site "Barcelona"]
[Date "2018.07.16"]
[Round "4"]
[White "Han, Xuqian Ben"]
[Black "Subirana Santos, Marc"]
[Result "1-0"]
[WhiteElo "1486"]
[BlackElo "1743"]
[PlyCount "149"]
[EventDate "2018.07.13"]
[EventType "swiss"]
[EventRounds "9"]
[EventCountry "ESP"]
[SourceTitle "EXT 2019"]
[Source "ChessBase"]
[SourceDate "2018.10.10"]
[SourceVersion "1"]
[SourceVersionDate "2018.10.10"]
[SourceQuality "1"]

1. e4 b6 2. d4 Bb7 3. Nc3 e6 4. Bd3 Ne7 5. Nge2 g6 6. Be3 Bg7 7. h4 h6 8. h5 Nbc6 9. hxg6 Nxg6 10. Qd2 Nb4 11. Bxh6 Nxd3+ 12. cxd3 d6 13. 0-0-0 Rg8 14. Bxg7 Rxg7 15. Nf4 Kd7 16. Nxg6 Rxg6 17. Qf4 Qg5 18. Qxg5 Rxg5 19. Rh7 Rf8 20. g3 a5 21. Rdh1 Ba6 22. Kd2 Bb7 23. Ne2 c5 24. dxc5 Rxc5 25. Rc1 Rxc1 26. Kxc1 Ke7 27. f4 b5 28. a3 b4 29. axb4 axb4 30. Kd2 Bc6 31. Rh1 Rg8 32. Rc1 Kd7 33. Rc4 Rb8 34. Nc1 d5 35. Rd4 Kd6 36. exd5 Bxd5 37. Ne2 Kc5 38. Ke3 Rh8 39. f5 Rh2 40. Rf4 Rh1 41. fxe6 fxe6 42. Kd2 Rb1 43. Kc2 Re1 44. Nc1 Rg1 45. Rg4 Bf3 46. Nb3+ Kd6 47. Rxb4 Rxg3 48. Nd4 Bd5 49. Kc3 Rg1 50. Ne2 Rg8 51. Nf4 Rc8+ 52. Kd2 Kc5 53. Nxd5 Kxd5 54. Rb3 Rh8 55. Ra3 Kd4 56. Ra4+ Kd5 57. Kc3 Rc8+ 58. Rc4 Rh8 59. Rd4+ Ke5 60. b4 Rb8 61. Rh4 Kd5 62. Rd4+ Ke5 63. Rc4 Kd6 64. d4 Rh8 65. Rc5 Rh1 66. Kc2 Rh2+ 67. Kb3 Rd2 68. Rc4 Kd5 69. b5 Rd1 70. Rb4 Ra1 71. b6 Rb1+ 72. Kc3 Rxb4 73. Kxb4 Kc6 74. Ka5 Kb7 75. Kb5 1-0

[Event "Barcelona Sant Marti op-B 20th"]
[Site "Barcelona"]
[Date "2018.07.15"]
[Round "3"]
[White "Colom Andres, Xavier"]
[Black "Han, Xuqian Ben"]
[Result "1-0"]
[WhiteElo "1838"]
[BlackElo "1486"]
[PlyCount "121"]
[EventDate "2018.07.13"]
[EventType "swiss"]
[EventRounds "9"]
[EventCountry "ESP"]
[SourceTitle "EXT 2019"]
[Source "ChessBase"]
[SourceDate "2018.10.10"]
[SourceVersion "1"]
[SourceVersionDate "2018.10.10"]
[SourceQuality "1"]

1. d4 Nf6 2. Bf4 g6 3. Nc3 Bg7 4. e4 d6 5. Qd2 0-0 6. Bh6 c5 7. Bxg7 Kxg7 8. Nf3 cxd4 9. Nxd4 Nc6 10. Be2 d5 11. exd5 Nxd5 12. Rd1 Nf6 13. Nxc6 Qxd2+ 14. Rxd2 bxc6 15. 0-0 Rb8 16. b3 Bb7 17. Bf3 e6 18. Na4 Rfd8 19. Rfd1 Rxd2 20. Rxd2 Nd5 21. Nc5 Ba8 22. g3 Rb5 23. Na4 Nb6 24. Nb2 Rf5 25. Kg2 c5 26. Bxa8 Nxa8 27. Rd7 Nb6 28. Rxa7 Rd5 29. Ra6 Nd7 30. Nc4 Ne5 31. Nxe5 Rxe5 32. Kf3 Rd5 33. Ke3 Re5+ 34. Kd3 Rd5+ 35. Kc3 Re5 36. Rd6 Kf6 37. a4 Ke7 38. Rd1 g5 39. a5 c4 40. b4 Re2 41. Rd2 Rxd2 42. Kxd2 Kd6 43. b5 f5 44. a6 Kc7 45. Ke3 e5 46. Kd2 h5 47. h4 g4 48. Kc3 f4 49. Kxc4 e4 50. Kd4 e3 51. Kd3 exf2 52. Ke2 fxg3 53. c4 Kb6 54. c5+ Ka7 55. Kf1 Kb8 56. b6 Ka8 57. c6 Kb8 58. a7+ Ka8 59. c7 g2+ 60. Kxf2 g3+ 61. Kxg2 1-0

[Event "Barcelona Sant Marti op-B 20th"]
[Site "Barcelona"]
[Date "2018.07.14"]
[Round "2"]
[White "Han, Xuqian Ben"]
[Black "Madrid Sole, Antonio"]
[Result "1/2-1/2"]
[WhiteElo "1486"]
[BlackElo "1776"]
[PlyCount "60"]
[EventDate "2018.07.13"]
[EventType "swiss"]
[EventRounds "9"]
[EventCountry "ESP"]
[SourceTitle "EXT 2019"]
[Source "ChessBase"]
[SourceDate "2018.10.10"]
[SourceVersion "1"]
[SourceVersionDate "2018.10.10"]
[SourceQuality "1"]

1. e4 e6 2. d4 d5 3. e5 c5 4. c3 Qb6 5. Nf3 Nc6 6. a3 Bd7 7. b4 cxd4 8. cxd4 Rc8 9. Be3 Nge7 10. Bd3 Nf5 11. 0-0 Be7 12. Nbd2 0-0 13. Nb3 Qd8 14. Nc5 Rc7 15. Rc1 Bc8 16. Qa4 Bxc5 17. Rxc5 a6 18. b5 axb5 19. Bxb5 Bd7 20. Rb1 Rc8 21. Rc2 h6 22. Rcb2 Ra8 23. Qb3 Qe7 24. a4 Rfc8 25. Rc2 Be8 26. Rcc1 Bd7 27. h3 Be8 28. Kh1 Bd7 29. Bd3 Nxe3 30. fxe3 Ra7 1/2-1/2

[Event "Barcelona Sant Marti op-B 20th"]
[Site "Barcelona"]
[Date "2018.07.13"]
[Round "1"]
[White "Garcia Clemente, Julian Francisco"]
[Black "Han, Xuqian Ben"]
[Result "0-1"]
[WhiteElo "1828"]
[BlackElo "1486"]
[PlyCount "120"]
[EventDate "2018.07.13"]
[EventType "swiss"]
[EventRounds "9"]
[EventCountry "ESP"]
[SourceTitle "EXT 2019"]
[Source "ChessBase"]
[SourceDate "2018.10.10"]
[SourceVersion "1"]
[SourceVersionDate "2018.10.10"]
[SourceQuality "1"]

1. d4 Nf6 2. c4 g6 3. Nc3 Bg7 4. e4 d6 5. f4 0-0 6. Nf3 c5 7. d5 e6 8. Be2 exd5 9. cxd5 Re8 10. Nd2 Na6 11. 0-0 c4 12. Kh1 Nc5 13. Bxc4 Nfxe4 14. Ncxe4 Nxe4 15. Nf3 Qb6 16. Qe1 Bxb2 17. Rb1 Bc3 18. Bd2 Qa5 19. Bxc3 Qxc3 20. Qxc3 Nxc3 21. Rbc1 Ne4 22. Bb5 Re7 23. Nd4 a6 24. Ba4 Nc5 25. Bc2 Bd7 26. Rb1 Ba4 27. Rb6 Bxc2 28. Nxc2 Rd7 29. Nd4 Na4 30. Rb3 b5 31. f5 Nb6 32. Rd3 Nxd5 33. Nxb5 Nb4 34. Rxd6 Rxd6 35. Nxd6 Nxa2 36. fxg6 fxg6 37. g4 a5 38. Ra1 Nb4 39. Ra4 Kf8 40. Nc4 Nc6 41. Kg2 Ke7 42. Kf3 Ke6 43. Ke3 Ne5 44. Nxe5 Kxe5 45. Kd3 Kd5 46. g5 Kc5 47. Rc4+ Kb6 48. Kc3 Ra7 49. Kb3 a4+ 50. Ka3 Kb5 51. Rb4+ Kc5 52. Rf4 Re7 53. Kxa4 Kd5 54. Kb5 Rb7+ 55. Ka4 Re7 56. Ka5 Re4 57. Rf7 Rh4 58. Rd7+ Ke6 59. Rd2 Rh5 60. Rg2 Kf5 0-1

[Event "Hong Kong-ch op"]
[Site "Hong Kong"]
[Date "2017.11.06"]
[Round "5"]
[White "Han, Xuqian Ben"]
[Black "Luk, Luen Wah"]
[Result "0-1"]
[WhiteElo "1536"]
[BlackElo "1925"]
[PlyCount "108"]
[EventDate "2017.10.09"]
[EventType "swiss"]
[EventRounds "7"]
[EventCountry "HKG"]
[SourceTitle "EXT 2019"]
[Source "ChessBase"]
[SourceDate "2018.10.10"]
[SourceVersion "1"]
[SourceVersionDate "2018.10.10"]
[SourceQuality "1"]

1. e4 c5 2. Nf3 Nc6 3. d4 cxd4 4. Nxd4 Nf6 5. Nc3 e5 6. Nf5 d5 7. exd5 Bxf5 8. dxc6 Qxd1+ 9. Nxd1 bxc6 10. Ne3 Be6 11. Bd3 Bc5 12. 0-0 0-0 13. Bd2 e4 14. Ba6 Rab8 15. Bc3 Nd5 16. Nxd5 cxd5 17. b3 Rb6 18. Be2 Rc8 19. Ba5 Rbc6 20. Bb5 Rd6 21. c3 Ba3 22. Rad1 a6 23. Be2 Rc5 24. Bb4 Bxb4 25. cxb4 Rc2 26. Bc4 Rxa2 27. Rd4 Rd7 28. Rfd1 dxc4 29. Rxd7 Bxd7 30. f3 Be8 31. Rd8 Kf8 32. bxc4 e3 33. Kf1 Rc2 34. b5 axb5 35. cxb5 Ke7 36. Rd5 Ke6 37. Rd4 Bxb5+ 38. Ke1 Rc1+ 39. Rd1 Rxd1+ 40. Kxd1 f5 41. f4 Kd5 42. Kc2 Ke4 43. Kc3 Be2 44. h4 h5 45. g4 Bxg4 46. Kc2 Kf3 47. Kd1 Kf2+ 48. Kc2 e2 49. Kd3 e1Q 50. Kd4 Bf3 51. Kd3 Qd1+ 52. Kc3 Ke3 53. Kb2 Bd5 54. Kc3 Qb3# 0-1